Statistics for Artists That Have Worked with DaBaby

Click here to take the quiz!

General Stats

  • This quiz has been taken 4 times
  • The average score is 14 of 52

Answer Stats

Artist% Correct
Lil Baby
100%
Drake
75%
Dua Lipa
75%
Jack Harlow
75%
Lil Wayne
75%
Roddy Rich
75%
A Boogie wit Da Hoodie
50%
J. Cole
50%
Kanye West
50%
Lil Yachty
50%
Meek Mill
50%
Megan Thee Stallion
50%
Migos
50%
Nicki Minaj
50%
Offset
50%
Post Malone
50%
Snoop Dogg
50%
Tory Lanez
50%
Young Thug
50%
21 Savage
25%
Blueface
25%
Busta Rhymes
25%
Future
25%
Gucci Mane
25%
Gunna
25%
Kodak Black
25%
Lute
25%
Moneybag Yo
25%
Polo G
25%
Rich Homie Quan
25%
T-Pain
25%
Anthony Hamilton
0%
Ashanti
0%
Camila Cabello
0%
Chance the Rapper
0%
Coi Leray
0%
DaniLeigh
0%
Doe Boy
0%
JetsonMade
0%
Kevin Gates
0%
London on da Track
0%
Marilyn Manson
0%
OhGeesy
0%
Plies
0%
Rich Dunk
0%
Rob49
0%
Saweetie
0%
Stunna 4 Vegas
0%
Toosii
0%
Tyla Yaweh
0%
YK Osiris
0%
Yo Gotti
0%

Score Distribution

Percentile by Number Answered

Percent of People with Each Score

Your Score History

You have not taken this quiz